| 000 | 00370nam a2200145 a 4500 | ||
|---|---|---|---|
| 001 | 2639 | ||
| 003 | CDMR | ||
| 005 | 20130116135233.0 | ||
| 008 | 130130s1993||||||||||||||||||||||||||||d | ||
| 040 |
_aCDMR _bcat _cCPC GIRONA |
||
| 100 | 1 |
_aMiguel, Juan Carlos _91976 |
|
| 245 | 1 | 4 |
_aLos grupos multimedia _cMiguel, Juan Carlos |
| 260 |
_c1993 _bBosch Comunicación |
||
| 942 | _cMON | ||
| 999 |
_c2639 _d2639 |
||